| 000 | 00510nam a2200217Ia 4500 | ||
|---|---|---|---|
| 008 | 210210b1991 xxu||||| |||| 00| 0 eng d | ||
| 020 | _a81 7040 327 4 | ||
| 082 | _a657.48 ARUF | ||
| 100 | _aARULANANDAM (M A) | ||
| 245 | _aFinancial accounting P I | ||
| 250 | _a | ||
| 260 |
_aDelhi. _bHimalaya Publishing House _c1991 |
||
| 300 | _a349 | ||
| 650 | _aP | ||
| 650 | _aI | ||
| 650 | _aFinancial | ||
| 650 | _aaccounting | ||
| 690 | _aFinancial Accounting | ||
| 700 | _aRAMAN (K S) | ||
| 906 | _a046621 | ||
| 999 |
_c96098 _d96098 |
||